|
|
|
|
| LEADER |
01933nam a2200481 i 4500 |
| 001 |
001786941 |
| 003 |
CZ BrMZK |
| 005 |
20211208104128.0 |
| 006 |
m q d |
| 007 |
co cg |
| 008 |
210312s2020 xr a e p 000 0 slo |
| 015 |
|
|
|a cnb003302796
|
| 020 |
|
|
|a 978-80-906362-8-6
|q (CDR)
|
| 040 |
|
|
|a BOA001
|b cze
|e rda
|
| 072 |
|
7 |
|a 005
|x Management. Řízení
|2 Konspekt
|9 4
|
| 072 |
|
7 |
|a 37.016
|x Učební osnovy. Vyučovací předměty. Učebnice
|2 Konspekt
|9 22
|
| 080 |
|
|
|a 005
|2 MRF
|
| 080 |
|
|
|a 005.336.5
|2 MRF
|
| 080 |
|
|
|a (075.8)
|2 MRF
|
| 080 |
|
|
|a (0.034.44)
|2 MRF
|
| 100 |
1 |
|
|a Cagáňová, Dagmar
|7 jo20191056048
|4 aut
|
| 245 |
1 |
0 |
|a Manažérské zručnosti /
|c Dagmar Cagáňová, Natália Horňáková, Adela Poliaková
|
| 250 |
|
|
|a Prvé vydanie
|
| 264 |
|
1 |
|a Ostrava :
|b AMOS repro s.r.o.,
|c 2020
|
| 300 |
|
|
|a 1 CD-ROM (157 stran) :
|b ilustrace (převážně barevné) ;
|c 12 cm
|
| 336 |
|
|
|a text
|b txt
|2 rdacontent
|
| 337 |
|
|
|a počítač
|b c
|2 rdamedia
|
| 338 |
|
|
|a počítačový disk
|b cd
|2 rdacarrier
|
| 347 |
|
|
|a textový soubor
|b PDF
|2 rda
|
| 500 |
|
|
|a Název z disku
|
| 500 |
|
|
|a Nad názvem: Slovenská technická univerzita, Materiálovotechnologická fakulta so sídlom v Trnave
|
| 504 |
|
|
|a Obsahuje bibliografie a bibliografické odkazy
|
| 650 |
0 |
7 |
|a management
|7 ph115217
|2 czenas
|
| 650 |
0 |
7 |
|a manažerské dovednosti
|7 ph472867
|2 czenas
|
| 655 |
|
7 |
|a učebnice vysokých škol
|7 fd133772
|2 czenas
|
| 655 |
|
7 |
|a CD-ROM
|7 fd133955
|2 czenas
|
| 700 |
1 |
|
|a Horňáková, Natália
|7 ola20201062466
|4 aut
|
| 700 |
1 |
|
|a Poliaková, Adela
|7 mzk2011646137
|4 aut
|
| 710 |
2 |
|
|a Slovenská technická univerzita (Bratislava, Slovensko).
|b Materiálovotechnologická fakulta
|7 kn20010710307
|4 oth
|
| 910 |
|
|
|a BOA001
|b CDR-1468.253
|
| 990 |
|
|
|a BK
|
| 991 |
|
|
|b 202112
|c NOV
|
| 996 |
3 |
|
|b 2610866993
|c CDR-1468.253
|l Stud. periodik/2.patro
|r Sklad / do 1 hodiny
|n 0
|p p.v.
|w 001853596
|u 000010
|a 1
|e BOA001
|j MZK50
|s N
|